zpět

Detail výsledku týmu

MusiClub Drago, Nový Jičín

Datum a čas kvízu

19 Celkem bodů Celkový počet nahraných bodů na tomto kvízu bez doplňovacích otázek.
13. Pořadí na kvízu Konečné umístění týmu na tomto kvízu.

Zaznamenané odpovědi

# Otázka Odpověď Body Výsledky
1. Vedle kanceláře poslance SPD R... 1
2. Jednotvárný zvuk od silnice ob... 0
3. Patrně nejsympatičtější "oškli... 1
4. Ministerstvo dopravy vybralo v... 0
5. Minulý týden se začala prodáva... 1
6. Vzpomeňme v tomto tématu na zř... 0
7. Vyberte pravdivé tvrzení o For... 1
8. Ze kterého Formanova filmu je... 0
9. Jakou větu pronesl v Přeletu n... 0
10. V roce 1979 natočil Miloš Form... 0